Constitucionalismo y nuevos saberes jurd̕icos Construcciones desde las diversidades /

Detalles Bibliográficos
Autor principal: Storini, Claudia
Formato: eBook
Lenguaje:español
Publicado: Quito: Corporacin̤ Editora Nacional, 2017
Materias:
Acceso en línea:Acceso restringido

MARC

LEADER 00000nam a22000007a 4500
005 20180710230027.0
007 cr|||| ||||
008 180710s2017 ec |||||s|||| 00||0 spa d
020 |a 978-9978-84-976-7 
035 |a 21740 
040 |a vLex 
090 |c 8007  |d 8007 
100 1 |a Storini, Claudia 
245 1 0 |a Constitucionalismo y nuevos saberes jurd̕icos  |h [Recurso electrn̤ico] :  |b Construcciones desde las diversidades /  |c Claudia Storini 
256 |a Servicio en ln̕ea 
260 |a Quito:  |b Corporacin̤ Editora Nacional,  |c 2017 
300 |a 1 recurso electrn̤ico 
506 1 |a Disponible solo en los productos indicados  |d vLex Global  |d vLex Global (Academic Edition, excluding Law Schools)  |d vLex Global (U.S. Academic Edition, Law Schools)  |d vLex Global (U.S. Academic Edition, excluding Law Schools)  |d vLex Global (Academic Edition, Law Schools) 
650 0 4 |a Derecho Constitucional  |z Ecuador 
740 0 |a vLex Libros (Servicio en ln̕ea) 
856 4 0 |u http://vlex.com/source/constitucionalismo-y-nuevos-saberes-juridicos-construcciones-desde-las-diversidades-21740  |z Acceso restringido 
942 |c BOOK 
999 0 |a Constitutional right